| 000 | 01643nam a2200301Ia 4500 | ||
|---|---|---|---|
| 999 |
_c43848 _d43848 |
||
| 001 | 10596 | ||
| 003 | GE_BSU | ||
| 005 | 20241024160949.0 | ||
| 008 | 181216s2014||||ge |||||||||||||| ||geo|| | ||
| 020 | _a9789941424908 | ||
| 040 | _cGE_BSU | ||
| 041 | _ageo | ||
| 080 | _a371.3+371.315.7 ი-67 | ||
| 245 |
_aინტერაქტიური მეთოდები : _b[ინტერაქტიური სწავლება] / _cწიგნზე მუშაობდნენ: მანანა ბოჭორიშვილი [და სხვ.] ; რედ. ლია ახალაძე. |
||
| 264 |
_aთბილისი _b"უსტარის" გამ-ბა და სტ., _c2014. |
||
| 300 |
_a110 გვ.; _b24 სმ. |
||
| 490 | _aმასწავლებლის ბიბლიოთეკა ასოციაცია "ზეკარი" | ||
| 504 | _aბიბლიოგრ.: გვ. 110. | ||
| 541 | _h7ლ.50თ. | ||
| 653 | _aინტერაქტიური სწავლების მეთოდები | ||
| 653 | _aდიდაქტიკური თამაშები | ||
| 653 | _aსწავლების დისკუსიური მეთოდები. | ||
| 700 |
_aბოჭორიშვილი, მანანა _eავტორი _97165 |
||
| 700 |
_aნამიჭეიშვილი, ნათია. _eავტორი _923515 |
||
| 700 |
_aნაბულიშვილი, ნანა _eავტორი _923516 |
||
| 700 |
_aახალაძე, ლია _eრედაქტორი _923517 |
||
| 942 |
_cBK _2udc |
||